000 00522nam a2200217Ia 4500
003 OSt
005 20220928144137.0
006 a|||||r|||| 00| 0
007 ta
008 220927b |||||||| |||| 00| 0 eng d
024 _a24496
037 _cTextual
040 _aSDCL
_cSDCL
_beng
041 _2eng
_aeng
082 _aV1:73'N, L5
100 _aGrierson Philip
_9507093
245 0 _aNumismatics.
260 _c1975
942 _hV1:73'N, L5
_cTEXL
_2CC
999 _c826403
_d826403